La sociologie (Record no. 163635)

MARC details
000 -LEADER
campo de control de longitud fija 00882nam a22002415i 4500
001 - NÚMERO DE CONTROL
campo de control 163635
003 - IDENTIFICADOR DE NÚMERO DE CONTROL
campo de control ES-MaACL
005 - FECHA Y HORA DE LA ÚLTIMA TRANSACCIÓN
campo de control 20250805062614.0
008 - DATOS DE LONGITUD FIJA--INFORMACIÓN GENERAL
campo de control de longitud fija 990701s1893 fr |||| | fre d
040 ## - FUENTE DE CATALOGACIÓN
Centro catalogador/agencia de origen GA
Lengua de catalogación spa
Centro/agencia transcriptor CCPB | 3D
080 ## - NÚMERO DE LA CLASIFICACIÓN DECIMAL UNIVERSAL
Número de la Clasificación Decimal Universal 316
100 1# - ENTRADA PRINCIPAL--NOMBRE DE PERSONA
Nombre de persona Roberty, Eugène de.
9 (RLIN) 97861
245 13 - MENCIÓN DEL TÍTULO
Título La sociologie
Resto del título : essai de philosophie sociologique /
Mención de responsabilidad, etc. par E. de Roberty.
250 ## - MENCION DE EDICION
Mención de edición 3ème éd.
260 ## - PUBLICACIÓN, DISTRIBUCIÓN, ETC.
Lugar de publicación, distribución, etc. París :
Nombre del editor, distribuidor, etc. Félix Alcan,
Fecha de publicación, distribución, etc. 1893 (
Lugar de fabricación/manufactura Coulommiers :
Fabricante Imp. Paul Brodard)
300 ## - DESCRIPCIÓN FÍSICA
Extensión VIII, 232, 32 p. ;
Dimensiones 22 cm.
490 1# - MENCIÓN DE SERIE
Mención de serie Bibliothèque scientifique internationale ;
Designación de volumen o secuencia 37
597 ## - NOTA DE DESCRIPCIÓN FÍSICA
NOTA DE DESCRIPCIÓN FÍSICA La última secuencia de pag. corresponde a propaganda editorial.
650 #7 - PUNTO DE ACCESO ADICIONAL DE MATERIA--TÉRMINO DE MATERIA
Término de materia o nombre geográfico como elemento de entrada Sociología
Fuente del encabezamiento o término embne
9 (RLIN) 17195
830 0# - PUNTO DE ACCESO ADICIONAL DE SERIE-TÍTULO UNIFORME
Título uniforme Bibliothèque scientifique internationale ;
Designación de volumen o secuencia 37
9 (RLIN) 186949
852 ## - LOCALIZACIÓN
Ubicación ES-MaACL
Número de control de estantería F-14367
Nota libre -- Enc. editorial en tela
Holdings
Estatus retirado Estado de pérdida Estado de daño No para préstamo Colección Biblioteca de origen Biblioteca actual Ubicación en estantería Fecha de adquisición Fuente de adquisición Total de préstamos Signatura topográfica completa Código de barras Visto por última vez Precio de reemplazo Tipo de ítem Koha
        Libros del s. XIX Biblioteca del Ateneo de Madrid Biblioteca del Ateneo de Madrid Sala Pecera Planta 2 17/01/2008     F-14367 1171477 23/02/2023 23/02/2023 Libro impreso antiguo